Hướng dẫn thực hiện chuẫn kiến thức, kỹ năng các môn học ở tiểu học lớp 3
v.v...
Đã lưu trong:
| Tác giả chính: | |
|---|---|
| Định dạng: | Sách |
| Năm xuất bản: |
H.
Giáo dục
2009
|
| Chủ đề: | |
| Tags: |
Thêm thẻ
Không có thẻ, Hãy là người đầu tiên gắn thẻ bản ghi này!
|
| LEADER | 02119nam a2200289 4500 | ||
|---|---|---|---|
| 999 | |c 11082 |d 11082 | ||
| 082 | |a 372 |b H561d | ||
| 100 | |a Bộ GD & ĐT | ||
| 245 | |a Hướng dẫn thực hiện chuẫn kiến thức, kỹ năng các môn học ở tiểu học lớp 3 |c Bộ GD & ĐT | ||
| 260 | |a H. |b Giáo dục |c 2009 | ||
| 300 | |a 127 tr. |c 24 cm. | ||
| 520 | |a v.v... | ||
| 653 | |a Giáo dục tiểu học | ||
| 653 | |a Lớp 3 | ||
| 653 | |a Kiến thức | ||
| 653 | |a Kĩ năng | ||
| 942 | |2 ddc |c STK0 | ||
| 952 | |0 0 |1 0 |2 ddc |4 0 |6 372_000000000000000_PH561PH |7 0 |8 300 |9 95460 |a qbu |b qbu |c D2 |d 2015-09-29 |g 16000 |o 372 PH561ph. |p 10848.c1 |r 0000-00-00 |w 2015-09-29 |y STK0 | ||
| 952 | |0 0 |1 0 |2 ddc |4 0 |6 372_000000000000000_PH561PH |7 0 |8 300 |9 95461 |a qbu |b qbu |c D2 |d 2015-09-29 |g 16000 |o 372 PH561ph. |p 10848.c2 |r 0000-00-00 |w 2015-09-29 |y STK0 | ||
| 952 | |0 0 |1 0 |2 ddc |4 0 |6 372_000000000000000_PH561PH |7 0 |8 300 |9 95462 |a qbu |b qbu |c D2 |d 2015-09-29 |g 16000 |o 372 PH561ph. |p 10848.c3 |r 0000-00-00 |w 2015-09-29 |y STK0 | ||
| 952 | |0 0 |1 0 |2 ddc |4 0 |6 372_000000000000000_PH561PH |7 0 |8 300 |9 95463 |a qbu |b qbu |c D2 |d 2015-09-29 |g 16000 |l 1 |o 372 PH561ph. |p 10848.c4 |r 2017-10-06 |s 2017-09-26 |w 2015-09-29 |y STK0 | ||
| 952 | |0 0 |1 0 |2 ddc |4 0 |6 372_000000000000000_PH561PH |7 0 |8 300 |9 95464 |a qbu |b qbu |c D2 |d 2015-09-29 |g 16000 |o 372 PH561ph. |p 10848.c5 |r 0000-00-00 |w 2015-09-29 |y STK0 | ||
| 952 | |0 0 |1 0 |2 ddc |4 0 |6 372_000000000000000_PH561PH |7 0 |8 300 |9 95465 |a qbu |b qbu |c D2 |d 2015-09-29 |g 16000 |o 372 PH561ph. |p 10848.c6 |r 0000-00-00 |w 2015-09-29 |y STK0 | ||
| 952 | |0 0 |1 0 |2 ddc |4 0 |6 372_000000000000000_PH561PH |7 0 |8 300 |9 95466 |a qbu |b qbu |c D2 |d 2015-09-29 |g 16000 |o 372 PH561ph. |p 10848.c7 |r 0000-00-00 |w 2015-09-29 |y STK0 | ||
| 952 | |0 0 |1 0 |2 ddc |4 0 |6 372_000000000000000_PH561PH |7 0 |8 300 |9 95467 |a qbu |b qbu |c D2 |d 2015-09-29 |g 16000 |l 1 |o 372 PH561ph. |p 10848.c8 |r 2017-12-14 |s 2017-11-30 |w 2015-09-29 |y STK0 | ||
| 952 | |0 0 |1 0 |2 ddc |4 0 |6 372_000000000000000_PH561PH |7 0 |8 300 |9 95468 |a qbu |b qbu |c D2 |d 2015-09-29 |g 16000 |o 372 PH561ph. |p 10848.c9 |r 0000-00-00 |w 2015-09-29 |y STK0 | ||
| 952 | |0 0 |1 0 |2 ddc |4 0 |6 372_000000000000000_PH561PH |7 0 |8 300 |9 95469 |a qbu |b qbu |c D2 |d 2015-09-29 |g 16000 |o 372 PH561ph. |p 10848.c10 |r 0000-00-00 |w 2015-09-29 |y STK0 | ||